00893nam a2200241 a 450000100100000000500170001000800410002702000150006804000250008308200160010810000350012424500300015926000310018930000210022049000130024159000750025465000260032965000300035583000200038591000370040595201920044299900170063400003472420200930073850.0111019s1974 fr 000 0 spa d a2253004227 aDO-SdBNPbspacBNPHU a843.8bZ86g1 aZola, Émiled1840-19029360510aGerminal /cÉmile Zola. aParis :bFasquelle,c1974. a503 p. ;c17 cm.1 aHistoire aPerteneció a la biblioteca personal de Juan Isidro Jimenes Grullón 4aNovela francesa91075 4aLiteratura francesa91074 0aHistoire960184 aValidado. Control de calidad MFF 001052708RVaGRbGRcHDd2011-10-19iLF1l0o843.8 Z86gp34724-10r2020-06-25w2020-06-25y2zPerteneció a la biblioteca personal de Juan Isidro Jimenes GrullónZPréstamo interno c34215d34215